000 00788nam a2200241 i 4500
001 7207
003 ES-MaACL
005 20240502063033.0
007 t|
008 901009s1985 sp ||||1| spa d
020 _a84-320-5847-5
080 _a308(46)"1975/1982"
080 _a9(46)"1975/1978"
100 0 _aVázquez Montalbán, Manuel,
_d1939-
_9113463
245 1 0 _aCronica sentimental de la transicion /
_cManuel Vazquez Montalban.
260 _aBarcelona :
_bPlaneta,
_cD.L. 1985.
300 _a248 p. :
_bfot. bl. y n. ;
_c24 cm.
490 1 _aEspejo de España ;
_v117
651 4 _aEspaña-
_xPolítica y gobierno-
_y1975-1982.
_98447
830 0 _aEspejo de España ;
_v117
_9177692
852 _aES-MaACL
_jL-14400
_bR.117663
_z. - rust.
999 _c7207
_d7207